|
|
|
|
| LEADER |
00000ny a22000003n 4500 |
| 005 |
20110511105548.0 |
| 008 |
850215c1985 akumr pss 0 a0eng d |
| 022 |
|
|
|a 8756-4092
|
| 035 |
|
|
|a 2872
|
| 040 |
|
|
|a UCA
|d vLex
|
| 090 |
|
|
|c 1621
|d 1621
|
| 245 |
0 |
0 |
|a Alaska business monthly
|h [Recurso electrn̤ico]
|
| 256 |
|
|
|a Servicio en ln̕ea.
|
| 260 |
|
|
|a Ancharage, Alaska :
|b Alaska Business Pub. Co.
|
| 310 |
|
|
|a Mensual
|
| 506 |
1 |
|
|a Contenido solo disponible en los productos indicados
|d vLex Global
|d vLex Global (Academic Edition, excluding Law Schools)
|d vLex Global (Academic Edition, Law Schools)
|
| 650 |
0 |
4 |
|a Negocios
|x Publicaciones perid̤icas
|
| 651 |
|
4 |
|a Alaska
|x Comercio
|x Publicaciones perid̤icas
|
| 740 |
0 |
|
|a vLex Revista (Servicios en ln̕ea)
|
| 843 |
|
|
|a Electrn̤ica. Abierta
|
| 853 |
|
|
|8 1
|i (year)
|j (month)
|k (day)
|
| 856 |
4 |
0 |
|z Acceso restringido
|u http://vlex.com/account/login_ip?fuente_id=2872
|
| 942 |
|
|
|c REV
|
| 999 |
0 |
0 |
|a Business
|v Publicaciones perid̤icas.
|
| 999 |
0 |
0 |
|a Alaska
|v Periodicals.
|